Loading...
| Social Science | 0 | 5 | 1 | 2 | 45 | 107 | 124.00 | 1 | 5 | 0.00 | 0.00 |
| Literature - British | 1 | 3 | 0 | 0 | 45 | 46 | 109.50 | 1 | 4 | 0.00 | 0.00 |
| History - European | 0 | 4 | 1 | 2 | 35 | 101 | 123.75 | 3 | 4 | 0.00 | 0.00 |
| 0 | 3 | 0 | 1 | 30 | 91 | 115.33 | 2 | 3 | 0.00 | 0.00 | |
| Fine Arts - Visual | 0 | 3 | 0 | 1 | 30 | 104 | 120.00 | 2 | 3 | 0.00 | 0.00 |
| History - American | 0 | 3 | 0 | 2 | 30 | 101 | 123.33 | 1 | 3 | 0.00 | 0.00 |
| Beliefs | 0 | 3 | 1 | 2 | 25 | 118 | 123.00 | 0 | 3 | 0.00 | 0.00 |
| Other Arts: Visual | 1 | 1 | 0 | 0 | 25 | 58 | 64.50 | 2 | 2 | 0.00 | 0.00 |
| Science - Chemistry | 0 | 3 | 1 | 2 | 25 | 83 | 126.67 | 2 | 3 | 0.00 | 0.00 |
| Fine Arts - Auditory | 0 | 2 | 0 | 1 | 20 | 126 | 127.00 | 1 | 2 | 0.00 | 0.00 |
| Literature - American | 0 | 2 | 1 | 1 | 15 | 94 | 115.50 | 1 | 2 | 0.00 | 0.00 |
| Science - Biology | 1 | 0 | 0 | 0 | 15 | 42 | 42.00 | 1 | 1 | 0.00 | 0.00 |
| Other Arts: Auditory | 0 | 1 | 0 | 0 | 10 | 142 | 142.00 | 1 | 1 | 0.00 | 0.00 |
| Science - Physics | 0 | 1 | 0 | 1 | 10 | 134 | 134.00 | 0 | 1 | 0.00 | 0.00 |
| Other Science: Math | 0 | 1 | 0 | 1 | 10 | 127 | 127.00 | 0 | 1 | 0.00 | 0.00 |
| Chemistry> | 0 | 1 | 0 | 1 | 10 | 152 | 152.00 | 0 | 1 | 0.00 | 0.00 |
| Philosophy | 0 | 1 | 0 | 0 | 10 | 159 | 159.00 | 0 | 1 | 0.00 | 0.00 |
| Other Science: Earth Science | 0 | 1 | 0 | 0 | 10 | 127 | 127.00 | 0 | 1 | 0.00 | 0.00 |
| History - World | 0 | 1 | 1 | 0 | 5 | 101 | 101.00 | 0 | 1 | 0.00 | 0.00 |
| Other Academic | 0 | 0 | 1 | 0 | -5 | 0.00 | 0 | 0 | 0.00 | 0.00 | |
| Current Events | 0 | 0 | 1 | 0 | -5 | 0.00 | 0 | 0 | 0.00 | 0.00 | |
| Religion | 0 | 0 | 1 | 0 | -5 | 0.00 | 0 | 0 | 0.00 | 0.00 | |
| Literature - European | 0 | 0 | 1 | 0 | -5 | 0.00 | 0 | 0 | 0.00 | 0.00 |